|
|
|
|
| LEADER |
00000cam a2200000 7i4500 |
| 001 |
0000031767 |
| 005 |
20200908.0 |
| 008 |
120405 |
| 020 |
|
|
|a 9789831503430
|
| 020 |
|
|
|a 9831503430
|
| 090 |
0 |
0 |
|a 959.5
|b AZM
|
| 090 |
0 |
0 |
|a HIST
|b MAL
|
| 100 |
1 |
|
|a Azmi Hj Maad
|
| 245 |
1 |
0 |
|a Negaraku Kesayanganku
|c Azmi Hj Maad
|
| 260 |
|
|
|a Kuala Lumpur :
|b Arus Intelek Sdn Bhd ,
|c 2007
|
| 650 |
|
0 |
|a Malaysia
|x History
|x Juvenile literature
|
| 650 |
|
0 |
|a Malaysia
|x Politics and government
|x Juvenile literature
|
| 999 |
|
|
|a 0001142003
|b Book
|c Children Collection
|e Perbadanan Perpustakaan Awam Johor
|
| 999 |
|
|
|a 0001142004
|b Book
|c Children Collection
|e Perbadanan Perpustakaan Awam Johor
|
| 999 |
|
|
|a 0001155456
|b Book
|c Children Collection
|e Cawangan Bandar Tenggara
|
| 999 |
|
|
|a 0001155461
|b Book
|c Children Collection
|e Cawangan Bukit Gambir
|
| 999 |
|
|
|a 0001155462
|b Book
|c Adult Collection
|e Cawangan Segamat
|
| 999 |
|
|
|a 0001155464
|b Book
|c Children Collection
|e Cawangan Bandar Penawar
|
| 999 |
|
|
|a 0001155465
|b Book
|c Children Collection
|e Cawangan Mersing
|
| 999 |
|
|
|a 0001155466
|b Book
|c Children Collection
|e Cawangan Tmn. Ungku Tun Aminah
|
| 999 |
|
|
|a 0001155468
|b Book
|c Children Collection
|e Cawangan Taman Universiti
|